| 000 | 00538nam a22001937a 4500 | ||
|---|---|---|---|
| 999 |
_c7800 _d7800 |
||
| 003 | OSt | ||
| 005 | 20220307111818.0 | ||
| 008 | 220307b ||||| |||| 00| 0 eng d | ||
| 020 | _a9780195339994 | ||
| 040 | _cDDC | ||
| 082 | _a270.86 KAL 2008 | ||
| 100 |
_aKalu, Ogbu _915892 |
||
| 245 |
_aAfrican pentecostalism _b: an introduction |
||
| 260 |
_aNew york _b: Oxford University _c, C 2008 |
||
| 300 |
_axiv,359p. _c; 24 cm |
||
| 504 | _aBibliography Index | ||
| 650 |
_aAfrica- church history- 20th century _915893 |
||
| 942 |
_2ddc _cBOOK |
||